Statistics for Atlantic Ocean Countries

Click here to take the quiz!

General Stats

  • This quiz has been taken 38 times
  • The average score is 82 of 93

Answer Stats

Answer% Correct
Argentina
100%
Brazil
100%
Iceland
100%
Ireland
100%
Morocco
100%
South Africa
100%
Spain
100%
United Kingdom
100%
Belgium
97%
Canada
97%
France
97%
Greece
97%
Italy
97%
Netherlands
97%
Portugal
97%
Sweden
97%
United States
97%
Cuba
94%
Denmark
94%
Germany
94%
Mexico
94%
Namibia
94%
Norway
94%
Suriname
94%
Turkey
94%
Albania
91%
Angola
91%
Bahamas
91%
Belize
91%
Colombia
91%
Costa Rica
91%
Cyprus
91%
Egypt
91%
Gambia
91%
Guyana
91%
Monaco
91%
Algeria
89%
Barbados
89%
Bosnia and Herzegovina
89%
Cameroon
89%
Cote d'Ivoire
89%
Croatia
89%
Finland
89%
Guinea
89%
Haiti
89%
Latvia
89%
Liberia
89%
Malta
89%
Nicaragua
89%
Poland
89%
Russia
89%
Senegal
89%
Togo
89%
Uruguay
89%
Cape Verde
86%
Democratic Republic of the Congo
86%
Dominica
86%
Dominican Republic
86%
Ghana
86%
Guinea-Bissau
86%
Honduras
86%
Israel
86%
Jamaica
86%
Lebanon
86%
Lithuania
86%
Mauritania
86%
Nigeria
86%
Panama
86%
Sierra Leone
86%
Trinidad and Tobago
86%
Tunisia
86%
Venezuela
86%
Antigua and Barbuda
83%
Benin
83%
Estonia
83%
Guatemala
83%
Libya
83%
Montenegro
83%
Republic of the Congo
83%
Saint Kitts and Nevis
83%
Saint Lucia
83%
Saint Vincent and the Grenadines
83%
Slovenia
83%
Equatorial Guinea
80%
Gabon
80%
Sao Tome and Principe
80%
Syria
80%
Bulgaria
74%
Chile
74%
Grenada
74%
Romania
74%
Ukraine
71%
Georgia
60%

Score Distribution

Percentile by Number Answered

Percent of People with Each Score

Your Score History

You have not taken this quiz